000 00325 a2200133 4500
000 nam a22 7a 4500
100 _aAcharya Chatursen
110 _aAcharya Chatursen
245 _aVayam Rakshamah
250 _aLatest edition
260 _bNisha publication
_c2026
264 _bNisha publication
_c2026
942 _cBK
999 _c395912
_d395912